header

English romanticism and the Celtic world (Record no. 42640)

MARC details
000 -LEADER
fixed length control field 01467nam a2200361 a 4500
082 04 - DEWEY DECIMAL CLASSIFICATION NUMBER
Classification number 813.009/35203916
245 00 - TITLE STATEMENT
Title English romanticism and the Celtic world
260 ## - PUBLICATION, DISTRIBUTION, ETC. (IMPRINT)
Place of publication Cambridge, U.K. ;
-- New York :
Name of publisher Cambridge University Press,
Year of publication 2003.
300 ## - PHYSICAL DESCRIPTION
Number of Pages xi, 265 p.
650 #0 - SUBJECT ADDED ENTRY--TOPICAL TERM
Topical Term English literature
Topical Term Celts in literature.
Topical Term English literature
Topical Term Civilization, Celtic, in literature.
Topical Term Mythology, Celtic, in literature.
Topical Term Romanticism
700 1# - ADDED ENTRY--PERSONAL NAME
Personal name Carruthers, Gerard.
Personal name Rawes, Alan.
856 40 - ELECTRONIC LOCATION AND ACCESS
Uniform Resource Identifier http://site.ebrary.com/lib/rucke/Doc?id=10069998

No items available.

© 2026 Rongo University
Contact us: librarian | system librarian | Rongo university